Como hacemos para enseñar a aprender /
Guardado en:
| Autor Principal: | |
|---|---|
| Otros Autores: | |
| Formato: | Libro |
| Publicado: |
Buenos Aires :
Santillana,
1994
|
| Materias: | |
| Etiquetas: |
Agregar Etiqueta
Sin Etiquetas, Sea el primero en etiquetar este registro!
|
| LEADER | 00747nam a22001935a 4500 | ||
|---|---|---|---|
| 001 | CEM.cems008633 | ||
| 005 | 20060214000000.0 | ||
| 008 | 130507s1994##################000#0#####d | ||
| 003 | CEMS | ||
| 082 | 0 | 4 | |a 371.36 |
| 100 | 1 | |a Lucarelli, Elisa A. | |
| 245 | 1 | 0 | |a Como hacemos para enseñar a aprender / |
| 260 | |a Buenos Aires : |b Santillana, |c 1994 | ||
| 300 | |a 68 p. | ||
| 505 | 0 | |a Introducci¢n: El maestro y las tcnicas. Para orientar al alumno. Para leer y comprender textos. Para registrar y sintetizar la informaci¢n. Para aprender de las im genes. Tcnicas did cticas para trabajar en grupos.- | |
| 653 | |a Educacion | ||
| 653 | |a Estudio dirigido | ||
| 700 | 1 | |a Correa, Elida J. | |
| 859 | |a CEMS |b BIB. CEMS - 11 de abril |h 371.36 |i L952 |p 18051.95 |t Ej.1 | ||
